সিলেট বিভাগের ইতিহাস / (Record no. 105265)
[ view plain ]
| 000 -LEADER | |
|---|---|
| fixed length control field | 00913nam a22001937a 4500 |
| 003 - CONTROL NUMBER IDENTIFIER | |
| control field | BD-DhUL |
| 005 - DATE AND TIME OF LATEST TRANSACTION | |
| control field | 20160921163259.0 |
| 008 - FIXED-LENGTH DATA ELEMENTS--GENERAL INFORMATION | |
| fixed length control field | 160920b 2006b ||||| |||| 00| 0 ben d |
| 040 ## - CATALOGING SOURCE | |
| Transcribing agency | BD-DhUL |
| Modifying agency | BD-DhUL |
| -- | BD-DhUL |
| 082 ## - DEWEY DECIMAL CLASSIFICATION NUMBER | |
| Classification number | 954.927 |
| Item number | CHS |
| 100 1# - MAIN ENTRY--PERSONAL NAME | |
| Personal name | চৌধুরী, দেওয়ান নূরুল আনোয়ার হোসেন |
| 245 ## - TITLE STATEMENT | |
| Title | সিলেট বিভাগের ইতিহাস / |
| Statement of responsibility, etc. | দেওয়ান নূরুল আনোয়ার হোসেন চৌধুরী |
| 260 ## - PUBLICATION, DISTRIBUTION, ETC. (IMPRINT) | |
| Place of publication, distribution, etc. | ঢাকা : |
| Name of publisher, distributor, etc. | সৈয়দা তাহেরা বেগম , |
| Date of publication, distribution, etc. | ২০০১. |
| 300 ## - PHYSICAL DESCRIPTION | |
| Extent | ২৫৫ পৃ. : |
| Dimensions | ২২ সেমি. |
| 504 ## - BIBLIOGRAPHY, ETC. NOTE | |
| Bibliography, etc | নির্ঘন্ট ও গ্রন্থপজ্ঞীগত ত্তথ্য সংবলিত |
| 650 #0 - SUBJECT ADDED ENTRY--TOPICAL TERM | |
| Form subdivision | সিলেট - ইতিহাস |
| 651 ## - SUBJECT ADDED ENTRY--GEOGRAPHIC NAME | |
| Form subdivision | Sylhet - History |
| 942 ## - ADDED ENTRY ELEMENTS (KOHA) | |
| Source of classification or shelving scheme | |
| Koha item type | Books |
| Price effective from | Date last seen | Permanent Location | Not for loan | Date acquired | Source of classification or shelving scheme | Koha item type | Lost status | Withdrawn status | Copy number | Source of acquisition | Collection code | Damaged status | Shelving location | Barcode | Current Location | Full call number |
|---|---|---|---|---|---|---|---|---|---|---|---|---|---|---|---|---|
| 2016-09-21 | 2016-09-21 | Dhaka University Library | 2016-09-21 | Books | 2 | Purchased | Non Fiction | General Stacks | 425171 | Dhaka University Library | 954.927 CHS | |||||
| 2017-03-08 | 2017-03-08 | Dhaka University Library | Not For Loan | 2017-03-08 | Books | 1 | Purchased | Reference | Rare Collection | 404743 | Dhaka University Library | 954.927 CHS |
